000 00709nam a22001577a 4500
003 LRUA
005 20220829093548.0
008 220829b xxu||||| |||| 00| 0 eng d
040 _cRUA
082 _2VEM PHA 2018 B1-558 Or.
100 _915137
_aPHALA VUTHA,ផល្លា វុត្ថា
245 _aGASTROINESTINAL PARASITES IN CHNINE AT CHOM CHAO COMMUNE,PORSENCHEY DISTRICT,PHNOM PENH CITY,បរាសិតក្នុងក្រពះពោះវៀនសិនខ​ នៅសង្កាត់ចោមចៅ ខណ្ណពោធិ៍សែនជ័យ រាជធានីភ្នំពេញ
260 _aphnom penh
_brua
_c2018
300 _aviii.35p.
_bill.
_c29cm.
942 _2ddc
_cVEM
999 _c20377
_d20377